000 00309nam a22001337a 4500
008 170731b xxu||||| |||| 00| 0 eng d
020 _a3540553541
041 _aeng
080 _a004
100 _a004
101 _a32
245 _aCOMPUTER AIDED SYSTEMS THEORY- EUROCAST '91
_cPICHLER,F
942 _2udc
_cBK
999 _c22226
_d22226